Statistiken für Mitglieder von Twice

Klicken Sie hier um das Quiz zu spielen!

Allgemein

  • Dieses Quiz wurde 53 mal gespielt
  • Das Durchschnittsergebnis liegt bei 8 aus 9

Antwortstatistiken

GesangsabschittName% Korrekt
Prechorus/ChorusMomo
98%
Strophe/PrechorusMina
91%
PrechorusSana
91%
StropheTzuyu
91%
ChorusJihyo
86%
ChorusNayeon
86%
StropheDahyun
84%
Strophe/PrechorusChaeyoung
74%
StropheJeongyeon
70%

Verteilung der Resultate

Perzentil nach korrekt beantworteten Fragen

Anzahl Personen mit jedem Resultat

Ihre Resultats-Entwicklung

Sie haben dieses Quiz noch nicht gespielt